Modalidades fisioterapêuticas na reabilitação de cães com doença do disco intervertebral toracolombar submetidos à cirurgia descompressiva: 30 casos (2008-2016) (Registro n. 301235)
[ somente texto ]
| 000 -LÍDER | |
|---|---|
| fixed length control field | 04021nab a2200373 i 4500 |
| 003 - CÓDIGO MARC DA AGÊNCIA CATALOGADORA | |
| Campo de controle | BR-BrBNA |
| 005 - DATA E HORA DA ÚLTIMA ATUALIZAÇÃO | |
| Campo de controle | 20240916111615.0 |
| 008 - CAMPO DE TAMANHO FIXO | |
| fixed length control field | 240916b2018 bl.|r|pooa||| 00| 0 por | |
| 040 ## - FONTE DA CATALOGAÇÃO | |
| Agência catalogadora | BR-BrBNA |
| Idioma da catalogação | por |
| 072 ## - CATEGORIA AGRIS | |
| Código AGRIS | L70 |
| Código do objeto | 5400 |
| 072 ## - CATEGORIA AGRIS | |
| Código AGRIS | L73 |
| 100 ## - ENTRADA PRINCIPAL - NOME PESSOAL | |
| Nome pessoal | Andrades, A.O. |
| 100 ## - ENTRADA PRINCIPAL - NOME PESSOAL | |
| Nome pessoal | Aiello, G. |
| 100 ## - ENTRADA PRINCIPAL - NOME PESSOAL | |
| Nome pessoal | Colvero, A.C.T. |
| 100 ## - ENTRADA PRINCIPAL - NOME PESSOAL | |
| Nome pessoal | Ferrarin, D.A. |
| 100 ## - ENTRADA PRINCIPAL - NOME PESSOAL | |
| Nome pessoal | Schneider, L. |
| 100 ## - ENTRADA PRINCIPAL - NOME PESSOAL | |
| Nome pessoal | Ripplinger, A. |
| 100 ## - ENTRADA PRINCIPAL - NOME PESSOAL | |
| Nome pessoal | Schwab, M.L. |
| 100 ## - ENTRADA PRINCIPAL - NOME PESSOAL | |
| Nome pessoal | Mazzanti, A. |
| 245 ## - TÍTULO PRINCIPAL | |
| Título principal | Modalidades fisioterapêuticas na reabilitação de cães com doença do disco intervertebral toracolombar submetidos à cirurgia descompressiva: 30 casos (2008-2016) |
| 500 ## - NOTA GERAL | |
| Nota geral | <br/>Publicação online; 30 ref.; 3 tables; Summaries (En, Pt) |
| 942 ## - ADDED ENTRY ELEMENTS (KOHA) | |
| Koha item type | Analítica |
| 520 ## - NOTA DE RESUMO | |
| Nota de conteúdo | <br/><br/>RESUMO - Este estudo retrospectivo teve como objetivo demonstrar as modalidades fisioterapêuticas empregadas no tratamento de cães com doença do disco intervertebral (DDIV) toracolombar após descompressão cirúrgica da medula espinhal, bem como relatar os fatores que determinaram as alterações das modalidades. Foram incluídos 30 cães que apresentavam sinais neurológicos desde paraparesia ambulatória a paraplegia com dor profunda na primeira sessão de fisioterapia. As modalidades utilizadas nos protocolos de todos os pacientes foram a crioterapia, massagem, alongamento passivo, movimentação passiva articular, estímulo do reflexo flexor e estimulação elétrica neuromuscular. A inclusão ou exclusão de exercícios terapêuticos, como a tipoia corporal, a plataforma proprioceptiva circular, a natação, a hidroesteira, os obstáculos e a caminhada em colchão, foi de acordo com a evolução clínica e a adaptação de cada paciente. Oitenta por cento (80%) dos cães alteraram o grau de disfunção neurológica antes de iniciar a fisioterapia e 93% retornaram à habilidade de caminhar (paraparesia ambulatória) ao final da fisioterapia. O número de sessões e o tempo de recuperação foram maiores quanto pior foi o grau de lesão do paciente.<br/><br/><br/>Palavras-chave: fisioterapia veterinária, protocolo fisioterapêutico, neurologia |
| 520 ## - NOTA DE RESUMO | |
| Nota de conteúdo | <br/><br/>ABSTRACT - This retrospective study aimed to demonstrate the physiotherapeutic modalities used in the treatment of dogs with thoracolumbar intervertebral disc disease (IVDD) after surgical spinal cord decompression and to report elements that determined the modalities changes. Thirty dogs with deep pain perception were selected in the first physiotherapy session, presenting a range of clinical signs from ambulatory paraparesis to paraplegia. The modalities used in the protocols of all patients were cryotherapy, massage, passive stretching, passive range of motion, flexor reflex stimulation and neuromuscular electrical stimulation. The inclusion or exclusion of the therapeutic exercises how body sling (walking sling), circular proprioceptive platform, swimming, underwater treadmill, cavaletti rails and foam mattress walking were according to the clinical evolution and acceptance of each patient. Eighty percent (80%) of the dogs manifested improvement in their neurological dysfunction degree before starting physical therapy and 93% were able to walk again (ambulatory paraparesis) at the end of physiotherapy. The number of sessions and recovery times were higher in patients with higher neurological dysfunction degrees.<br/><br/><br/>Keywords: veterinary physiotherapy, physiotherapeutic protocol, neurology |
| 650 ## - ASSUNTO - THESAGRO | |
| Cabeçalho tópico ou nome geográfico | CÃO |
| 650 ## - ASSUNTO - THESAGRO | |
| Cabeçalho tópico ou nome geográfico | DOENÇA ANIMAL |
| 650 ## - ASSUNTO - THESAGRO | |
| Cabeçalho tópico ou nome geográfico | NEUROLOGIA |
| 650 ## - ASSUNTO - THESAGRO | |
| Cabeçalho tópico ou nome geográfico | CIRURGIA |
| 650 ## - ASSUNTO - THESAGRO | |
| Cabeçalho tópico ou nome geográfico | FISIOTERAPIA |
| 650 ## - ASSUNTO - THESAGRO | |
| Cabeçalho tópico ou nome geográfico | VETERINÁRIA |
| 773 0# - ENTRADA ANALÍTICA | |
| Host Biblionumber | 1643 |
| Registro do item | 318020 |
| Imprenta | Belo Horizonte-MG Universidade Federal de Minas Gerais - Escola de Veterinaria 1983 |
| Outro identificador | 2024-4754 |
| Título | Arquivo Brasileiro de Medicina Veterinária e Zootecnia (Brazil) |
| ISSN | 0102-0935 |
| Colação | v. 70(4) p. 1089-1098; (2018) |
| Número de controle de registro | BR2024002451 |
| 856 ## - ACESSO E ENDEREÇO ELETRÔNICO | |
| Identificador uniforme de recurso - URI | https://www.scielo.br/j/abmvz/a/BfSstZNftGXSWmjf5wxcWLM/?format=pdf&lang=pt |
Nenhum exemplar disponível.

BINAGRI